[Event "Amber-blind 7th"]
[Site "Monte Carlo"]
[Date "1998.03.20"]
[Round "7"]
[White "Lautier, Joel"]
[Black "Piket, Jeroen"]
[Result "1/2-1/2"]
[WhiteElo "2645"]
[BlackElo "2575"]
[PlyCount "116"]
[EventDate "1998.03.13"]
[Source "ChessBase"]
[SourceDate "1998.04.29"]

1. e4 e5 2. Nf3 Nc6 3. Bb5 a6 4. Bxc6 dxc6 5. O-O Bg4 6. h3 h5 7. d3 Qf6 8. Nbd2 Bd6 9. Re1 Ne7 10. d4 Ng6 11. hxg4 hxg4 12. Nh2 Rxh2 13. Qxg4 Rh7 14. Nf3 Nf4 15. dxe5 Qh6 16. Kf1 Bxe5 17. Bxf4 Qxf4 18. Qxf4 Bxf4 19. Ke2 f6 20. Rh1 Rxh1 21. Rxh1 Kf7 22. g3 Bd6 23. Nd4 Re8 24. Kf3 Rd8 25. Nf5 Bf8 26. Ke2 g6 27. Ne3 Bg7 28. g4 Ke6 29. Rh7 Kf7 30. c3 Re8 31. f3 b5 32. Rh1 Bf8 33. Rd1 Bd6 34. Rh1 Kg7 35. Nc2 c5 36. Ne3 c4 37. Nd5 f5 38. gxf5 gxf5 39. Ke3 fxe4 40. fxe4 Bc5+ 41. Kf3 Rf8+ 42. Kg4 c6 43. Nf4 Re8 44. Kf5 Rf8+ 45. Ke5 Re8+ 46. Ne6+ Kg6 47. Rf1 Be3 48. Rf6+ Kh5 49. Kf5 Rg8 50. Rf7 Kh4 51. e5 Bc1 52. Nf4 Bxb2 53. e6 Rg5+ 54. Ke4 Bxc3 55. Kf3 Rg3+ 56. Ke4 Rg5 57. Kf3 Rg3+ 58. Ke4 Rg5 1/2-1/2

[Event "Hastings Premier 9798"]
[Site "Hastings"]
[Date "1998.01.04"]
[Round "6"]
[White "Rozentalis, Eduardas"]
[Black "Hebden, Mark"]
[Result "1-0"]
[WhiteElo "2645"]
[BlackElo "2575"]
[PlyCount "81"]
[EventDate "1997.12.29"]
[Source "ChessBase"]
[SourceDate "1998.04.09"]

1. e4 e5 2. Nf3 Nc6 3. Bb5 a6 4. Bxc6 dxc6 5. O-O Bd6 6. d4 exd4 7. Qxd4 f6 8. c4 c5 9. Qe3 Ne7 10. Nc3 O-O 11. b3 Qe8 12. Ba3 b6 13. Rad1 Bb7 14. Rfe1 Qh5 15. Ne2 Rae8 16. Ng3 Qg4 17. h3 Qe6 18. Nh4 Nc6 19. Nhf5 Nd4 20. Nxd6 cxd6 21. Qd2 b5 22. cxb5 Nxb5 23. Bb2 Rd8 24. Qa5 Rd7 25. Re3 Na7 26. Qe1 Nc6 27. Bc3 Ne7 28. Nh5 Qf7 29. Qe2 Re8 30. Qg4 Ng6 31. Bxf6 Qe6 32. Qg5 gxf6 33. Nxf6+ Kg7 34. Nxd7 Qxd7 35. Qxc5 Re6 36. Red3 Qf7 37. Rxd6 Re7 38. Qc3+ Kh6 39. Qd2+ Kg7 40. Rd7 Ne5 41. Qg5+ 1-0

[Event "Deutschland"]
[Site "?"]
[Date "1995.??.??"]
[Round "?"]
[White "Rozentalis, E."]
[Black "Almasi, Z."]
[Result "0-1"]
[WhiteElo "2595"]
[BlackElo "2620"]
[PlyCount "168"]
[EventDate "1995.??.??"]
[Source "ChessBase"]
[SourceDate "1995.02.01"]

1. e4 e5 2. Nf3 Nc6 3. Bb5 a6 4. Bxc6 dxc6 5. O-O Qd6 6. Na3 Be6 7. Ng5 Bd7 8. d3 f6 9. Nc4 Qe7 10. Nf3 Qf7 11. Be3 Be6 12. Nfd2 Ne7 13. b4 Ng6 14. Rb1 b6 15. a4 Be7 16. Qh5 O-O 17. Rb2 Rfd8 18. Rfb1 Qe8 19. Qe2 b5 20. Na5 bxa4 21. Ndc4 Rab8 22. c3 Rb5 23. d4 a3 24. Rb3 exd4 25. cxd4 Rdb8 26. Rxa3 Bxb4 27. Rab3 Bf7 28. f3 Kh8 29. Qc2 Ne7 30. R3b2 Qg8 31. Bd2 Bxd2 32. Nxd2 Qd8 33. Qc3 Qd6 34. Nac4 Qd7 35. Na5 Qd6 36. Nac4 Qd7 37. Na5 h6 38. Nab3 Qd6 39. Nc5 a5 40. g3 Rd8 41. Ndb3 Bxb3 42. Rxb3 Qxd4+ 43. Qxd4 Rxd4 44. Rxb5 cxb5 45. Rxb5 Nc6 46. Rb7 Rc4 47. Ne6 a4 48. Rxc7 Ne5 49. Rxg7 Rc6 50. Re7 a3 51. Ra7 Rxe6 52. Rxa3 Rd6 53. Rc3 Kg7 54. f4 Nf7 55. Rc2 Re6 56. Re2 Nd6 57. e5 fxe5 58. fxe5 Nf7 59. Kg2 Rxe5 60. Ra2 Kf6 61. Rf2+ Kg6 62. Ra2 Re6 63. Rc2 Nd6 64. Rc6 Rf6 65. Rc2 Nf5 66. Re2 Rc6 67. Kh3 Nd4 68. Rd2 Nf3 69. Rf2 Rf6 70. Ra2 Rd6 71. Rb2 Kh5 72. Ra2 Ng5+ 73. Kg2 Ne4 74. Kf3 Rd2 75. Rxd2 Nxd2+ 76. Kf4 Kg6 77. g4 Nb3 78. h4 Nd4 79. Ke4 Nc6 80. Kd5 Ne7+ 81. Ke5 Kg7 82. Ke6 Ng6 83. h5 Nh4 84. Ke5 Kf7 0-1

[Event "Groningen"]
[Site "?"]
[Date "1992.??.??"]
[Round "?"]
[White "Rozentalis, E."]
[Black "Piket, Je"]
[Result "0-1"]
[WhiteElo "2590"]
[BlackElo "2625"]
[PlyCount "84"]
[EventDate "1992.??.??"]
[Source "ChessBase"]
[SourceDate "1992.10.01"]

1. e4 e5 2. Nf3 Nc6 3. Bb5 a6 4. Bxc6 dxc6 5. O-O Ne7 6. Nxe5 Qd4 7. Nf3 Qxe4 8. Nc3 Qg6 9. Ne5 Qf5 10. Re1 h5 11. d4 Be6 12. Ne4 O-O-O 13. Ng5 Ng6 14. Nxg6 Qxg6 15. Nxe6 fxe6 16. c3 c5 17. Qb3 Rd5 18. Be3 h4 19. h3 cxd4 20. Bxd4 Bd6 21. Rad1 Rd8 22. a4 Bf4 23. Qc4 Qc2 24. b3 g5 25. Ra1 Qf5 26. b4 g4 27. hxg4 Qxg4 28. Qe2 Qxe2 29. Rxe2 e5 30. Be3 Rd1+ 31. Re1 Rxa1 32. Rxa1 Bxe3 33. fxe3 Rd3 34. Rc1 Rxe3 35. Kf2 Re4 36. Rd1 Rf4+ 37. Ke3 Rc4 38. Kd3 Rg4 39. Rd2 Kd7 40. Rf2 Ke6 41. a5 Kd5 42. Rd2 Rg3+ 0-1